Geography starting with H - Statistics

General Stats
  • This quiz has been taken 72 times
  • The average score is 6 of 10
Answer Stats
Letters Clue Answer % Correct
6 Cubas capital Havana
99%
5 Country hit by eartquake in 2010 Haiti
93%
7 Serbias neighbour Hungary
84%
10 Caribbean island of two countries Hispaniola
72%
13 Capital of South Vietnam before reunification Ho Chi Minh City
62%
8 Second largest Japanese island Hokkaido
62%
9 Populous Indian city Hyderabad
51%
11 Flows through Eastern New York River Hudson
41%
4 Third largest Syrian city Homs
34%
12 Northeastern province of China Heilongjiang
4%
No matching quizzes found
Score Distribution
Percent of People with Each Score
Percentile by Number Answered
Your Score History
You have not taken this quiz